Riadiaci systém pre testy odolnosti voči nízkofrekvenčnému rušeniu

Salvato in:
Dettagli Bibliografici
Autore principale: Novotný, Lukáš (Autore)
Altri autori: Hallon, Jozef (Relatore della tesi)
Natura: Manoscritto Libro
Lingua:slovacco
Pubblicazione: Bratislava : STU v Bratislave FEI, 2020
Soggetti:
Accesso online:https://opac.crzp.sk/?fn=detailBiblioForm&sid=CBF19E20E3617CA9FF4589802D00&seo=CRZP-detail-kniha
Tags: Aggiungi Tag
Nessun Tag, puoi essere il primo ad aggiungerne!!

MARC

LEADER 00000ntm a22000003a 4500
001 stuzp78651
003 SK-STU
005 20200904125624.7
007 ta
008 150427s2015----xo-----f-mn---000-0-slo-d
040 |a STU  |b slo 
041 0 |a slo 
044 |a xo 
100 1 |a Novotný, Lukáš  |u 034000  |4 aut  |U FEI Fakulta elektrotechniky a informatiky  |T FEI Ústav elektrotechniky  |X 92407  |U E040  |Y 550  |7 92407 
242 0 1 |a Control system for low-frequency interference immunity tests  |y eng 
245 1 0 |a Riadiaci systém pre testy odolnosti voči nízkofrekvenčnému rušeniu 
260 |c Bratislava :  |c STU v Bratislave FEI,  |c 2020 
300 |a 66 s. 
650 4 |a LabView  |2 slo 
650 4 |a EMC  |2 slo 
650 4 |a automatizovaný riadiaci systém  |2 slo 
650 4 |a LabView  |2 eng 
650 4 |a automated control system  |2 eng 
650 4 |a EMC  |2 eng 
700 1 |a Hallon, Jozef  |u 034000  |k Z2  |4 ths  |U FEI Fakulta elektrotechniky a informatiky  |T FEI Ústav elektrotechniky  |X 2068  |U E040  |Y 550  |7 A000002068 
856 4 |u https://opac.crzp.sk/?fn=detailBiblioForm&sid=CBF19E20E3617CA9FF4589802D00&seo=CRZP-detail-kniha